000 00579nam a22001817a 4500
999 _c157570
_d157570
005 20180919125322.0
010 _aENG-123998
020 _a9789352872268
_c115.00
035 _aEN-107530
037 _bDBAD/PUB
082 _a480
245 _aMedley 2:
_ba textbook of english for part II undergraduate students thiruvalluvar university, vellore /
260 _aHyderabad
_bOrient BlackSwan Pvt. Ltd.
_c2018
270 _bHyderabad
_e500029
_a3-6-752 Himayatnagar,
300 _aiii,132p
_c24cm.(pbk.)
500 _aSemester 2
942 _2ddc
_cEN
_h480
_mMED